000 00287nam a22001337a 4500
008 170419b xxu||||| |||| 00| 0 eng d
020 _a0867201789
041 _aeng
080 _22ND
_a573
100 _a11
101 _aSHM
245 _aTHE BIOLOGY OF AIDS
_cCONNER
942 _2udc
_cBK
999 _c11231
_d11231